00436nam a2200133Ia 450000500170000000800410001702000150005808200130007310000210008624500920010726000400019930000180023950000450025720250519012640.0240331s9999 xx 000 0 und d a9552068223 a300bSRI aSri Ranjan,G.D.D 0aSri Lanka samajayehi daraka samajanuyojanaya pilibanda samaja vidyathmaka vimarshanayak aColombobS. Godage & Brothersc2004 aXvi, 200 p ., aA Book on Sri Lankan Society & Sociology